Business Ethics and Values (Record no. 4618)

MARC details
000 -LEADER
fixed length control field 00334nam a2200145Ia 4500
008 - FIXED-LENGTH DATA ELEMENTS--GENERAL INFORMATION
fixed length control field 191201s2019 xx 000 0 und d
082 ## - DEWEY DECIMAL CLASSIFICATION NUMBER
Classification number 658.069
Item number VAB
100 ## - MAIN ENTRY--PERSONAL NAME
Personal name VASISHTH,Neeru
245 #0 - TITLE STATEMENT
Title Business Ethics and Values
250 ## - EDITION STATEMENT
Edition statement 2nd Ed Rep
260 ## - PUBLICATION, DISTRIBUTION, ETC. (IMPRINT)
Place of publication, distribution, etc N. Delhi
Name of publisher, distributor, etc Taxmann
300 ## - PHYSICAL DESCRIPTION
Extent 277
650 ## - SUBJECT ADDED ENTRY--TOPICAL TERM
Topical term or geographic name as entry element BBA
942 ## - ADDED ENTRY ELEMENTS (KOHA)
Source of classification or shelving scheme Dewey Decimal Classification
Koha item type Text Books
Holdings
Withdrawn status Lost status Source of classification or shelving scheme Damaged status Not for loan Collection code Home library Current library Date acquired Source of acquisition Cost, normal purchase price Bill Number Total Checkouts Full call number Acc. no. / Barcode Date last seen Bill Date Koha item type Date last borrowed Public note
    Dewey Decimal Classification     BBA PIET C-LIBRARY PIET C-LIBRARY 11/08/2010 The book company 210.00 IN-2687   174.4 VAB 16145 04/12/2019 07/08/2010 Text Books    
    Dewey Decimal Classification     BBA PIET C-LIBRARY PIET C-LIBRARY 11/08/2010 The book company 210.00 IN-2687   174.4 VAB 16146 04/12/2019 07/08/2010 Text Books    
    Dewey Decimal Classification     BBA PIET C-LIBRARY PIET C-LIBRARY 11/08/2010 The book company 210.00 IN-2687 2 174.4 VAB 16147 21/12/2023 07/08/2010 Text Books 21/11/2023 .
    Dewey Decimal Classification     BBA PIET C-LIBRARY PIET C-LIBRARY 11/08/2010 The book company 210.00 IN-2687   174.4 VAB 16148 04/12/2019 07/08/2010 Text Books    
    Dewey Decimal Classification     BBA PIET C-LIBRARY PIET C-LIBRARY 11/08/2010 The book company 210.00 IN-2687   174.4 VAB 16149 04/12/2019 07/08/2010 Text Books    
    Dewey Decimal Classification     BBA PIET C-LIBRARY PIET C-LIBRARY 11/08/2010 The book company 210.00 IN-2687   174.4 VAB 16150 04/12/2019 07/08/2010 Text Books    

Design & Developed by: PIET Central Library
R70 Miles Stone Pattikalyana Samalkha Panipat 132102
mail ID :- [email protected], Phone No:- 0180-2569700 Ex.216